LEADER 01281nam a2200325 a 4500 001 000000135060 003 CaOOAMICUS 005 20130718133156.0 008 130718s2007 it u000 u ita r 020 $a978-88-6030-099-7 040 $aPUL$bita 041 1 $aita$hfre 100 1 $aVirilio, Paul.$0(OLS)http://pul/name/86985 240 10$aArt ą perte de vue.$lItaliano.$0(OLS)http://pul/title/170810 245 12$aL'arte dell'accecamento /$cPaul Virilio. 260 $aMilano :$bRaffaello Cortina,$c2007. 300 $a88 p. ;$c20 cm. 490 1 $aMinima ;$v88 504 $aContiene riferimenti bibliografici. 650 4$aSocietą e tecnologia.$0(OLS)http://pul/subject/39178 650 4$aGlobalizzazione (sociologia).$0(OLS)http://pul/subject/33702 830 0$aMinima (Raffaello Cortina) ;$v88.$0(OLS)http://pul/title/82330 850 $aPUL 852 $aPUL$W1$xDP1 Fondo E. Rossi$y115$m1 V 27$j155434$qFondi$B154995$CPULBib$Z2$F154995 $82 941 1 $a1 961 $aSul dorso collocazione ms. di E. Rossi:V 16 0 996 $6020$a978-88-6030-099-7$9(OLS)http://pul/number/153361 996 $6245$aL'arte dell'accecamento$9(OLS)http://pul/title/170811 996 $6260$aMilano :$bRaffaello Cortina$9(OLS)http://pul/publisher/63509 LEADER 01805namaa2200385 i 4500 001 000000177400 003 CaOOAMICUS 005 20241107103525.0 007 tu 008 241107s2023 it 000 u ita r 020 $a978-88-6434-418-8* 040 $aPUL$bita$erda 082 0 $a370 245 10$aPotenziale educativo e strategie relazionali nella professione docente : $bprovocazioni al mondo della scuola dal Global compact on education /$ca cura di Katia Roncalli. 264 4$c©2023. 264 1$aFirenze :$bNerbini,$c[2023] 300 $a155 pagine ;$b$a21 cm 336 $atesto$btxt$2rdacontent 337 $asenza mediazione$bn$2rdamedia 338 $avolume$bnc$2rdacarrier 490 1 $aConvivium Assisiense. Strumenti IRC ; ;$v16 504 $aBibliografia in nota a pič pagina. 650 4$aEducazione e societą$ySec. XXI.$0(OLS)http://pul/subject/46905 650 4$aScuola educazione e societą.$0(OLS)http://pul/subject/29810 700 1 $aRoncalli, Katia,$csuora,$ecuratore.$0(OLS)http://pul/name/114081 830 0$aConvivium Assisiense. Strumenti IRC ;$v16.$0(OLS)http://pul/title/218915 850 $aPUL 852 $aPUL$W1$xSL Diritto e Scienze Sociali 3$y79$m370 RONKA 1$j201356$qDDC 21$B206353$CPULBib$Z2$F206353 $H137479 $82 941 1 $a9 996 $6020$a978-88-6434-418-8*$9(OLS)http://pul/number/170086 996 $6082$a370$9(OLS)http://pul/classification/497 996 $6245$aPotenziale educativo e strategie relazionali nella professione docente : $bprovocazioni al mondo della scuola dal Global compact on education$9(OLS)http://pul/title/218916 996 $6264$aFirenze :$bNerbini$9(OLS)http://pul/publisher/75552 996 $6264$a[S.l.] :$b[s.n.]$9(OLS)http://pul/publisher/0